1572 1738 1485 1572 1135 1189 1564 1860 1855 1027 1122 1497 1033 1425 1253 1638 1038 1479 1419 1225 1088 1196 1384 1603 1590 1158 1909 1282 1874 1983 1875 1953 1998 1436 1483 1970 1077 1223 1223 1699 1456 1526 1514 1306 1515 1515 1911 1303 1900 1324 1401 1955 1460 1939 1004 1497 1496 1825 1831 1397 1420 1737 1380 1238 1780 1663 1856 1659 1796 1999 1236 1260 1518 1742 1216 1695 1050 1967 1471 1710 1766 1431 1991 1937 1688 1586 1431 1656 1932 1298 1536 1784 1424 1016 1954 1146 1099 1341 1668 BCNSPRNW ULIB Ver.6.0+V

เปลี่ยนเป็นภาษาไทย

Change to English
 แสดงรายละเอียดบรรณานุกรม
  กลับหน้าหลัก

Brief Record : Get Marc (ISO 2709) : E-mail record : QR code < ปิดหน้าต่าง
LEADER : 00000nam 2200000uu 4500
001    13399121459
003     ULIB
008    110608s2546 th 000 1 tha d
020    ^a9789749171653
050  4 ^aรส^bม686ร 2546
245 00 ^aบทละครคัดสรร /^cมูลนิธิสถาบันวิชาการ 14 ตุลา
250    ^aพิมพ์ครั้งที่ 1
260    ^aกรุงเทพฯ :^bมูลนิธิสถาบันวิชาการ 14 ตุลา,^c2546
300    ^a182 หน้า ;^c21 ซม.
490 0  ^aหนังสือชุด''ตุลาวรรณกรรม''
500    ^aฉลองครบรอบ 30 ปี 14 ตุลา : 2516-2546 ร่วมวาระประวัติศาสตร์''''วัน 14 ตุลา ประชาธิปไตย''''
650  4 ^aบทละคร
650  4 ^aบทละคร^xรวมเรื่อง
650  4 ^aบทละครไทย^xรวมเรื่อง
710 2  ^aมูลนิธิสถาบันวิชาการ 14 ตุลา
945    ^p0^l0^i14348
995    ^aกัณชพร
999    ^aกัณชพร
รายการนี้ยังไม่มีแท็ก
คุณยังไม่ได้ล็อกอิน คุณสามารถมีกิจกรรมร่วมกับเว็บไซต์ได้ แต่ต้องล็อกอินก่อน ::
  ล็อกอิน

รายการสื่อสารสนเทศ

ลำดับที่ ประเภท เลขเรียก/บาร์โค้ด สถานที่ สถานะ
1. นวนิยาย
นวนิยาย
รส ม686ร 2546  
  Barcode: 14348
ห้องสมุดวิทยาเขตสวรรค์ประชารักษ์
►นวนิยาย
บนชั้น
  ขอยืม

BibComment


ยังไม่เคยถูกคอมเมนท์

คอมเมนท์ทรัพยากรรายการนี้
  คอมเมนท์: บทละครคัดสรร มู..


 Copyright 2026. Bcnsprnw @Library